Statistiques concernant Liste des 23 - Equipe d'Italie - EURO 2012

Cliquez ici pour prendre le quiz!

Statistiques générales

  • Ce quiz a été pris 90 fois
  • Le résultat moyen est 14 sur 24

Statistiques - réponses

PosteNuméroJoueursClub% Correct
G1Gianluigi BuffonJuventus Turin
99%
DC19Leonardo BonucciJuventus Turin
99%
DC3Giorgio ChielliniJuventus Turin
96%
G12Salvatore SiriguParis Saint-Germain
96%
DC15Andrea BarzagliJuventus Turin
93%
BU9Mario BalotelliManchester City
93%
MDC5Thiago MottaParis Saint-Germain
93%
MC21Andrea PirloJuventus Turin
91%
MC8Claudio MarchisioJuventus Turin
81%
MDC16Daniele De RossiAS Rome
70%
BU11Antonio Di NataleUdinese
63%
DD7Ignazio AbateMilan AC
59%
MC18Riccardo MontolivoFiorentina
58%
MOC / BU10Antonio CassanoMilan AC
43%
MOC / AT20Sebastian GiovincoParme
42%
DD2Christian MaggioNaples
36%
G14Morgan De SanctisNaples
35%
DC4Angelo OgbonnaTorino
27%
SEL/Cesare Prandelli/
22%
DG6Federico BalzarettiPalerme
22%
MOC22Alessandro DiamantiBologne
17%
MDC23Antonio NocerinoMilan AC
16%
MOC / AT13Emanuele GiaccheriniJuventus Turin
7%
AT17Fabio BoriniAS Rome
7%

Distribution des résultats

Percentile par nombre de réponses

% des personnes avec chaque résultat

Votre développement - résultats

Vous n’avez pas pris ce quiz